[Event "VIE-ch U09 Girls"]
[Site "Ho Chi Minh City"]
[Date "2014.07.15"]
[Round "5"]
[White "Tran, Cao Minh Anh"]
[Black "Nguyen, La Gia Han"]
[Result "1-0"]
[WhiteElo "1602"]
[BlackElo "1587"]
[PlyCount "107"]
[EventDate "2014.07.13"]
[EventType "swiss"]
[EventRounds "9"]
[EventCountry "VIE"]
[SourceTitle "EXT 2016"]
[Source "ChessBase"]
[SourceDate "2015.10.08"]
[SourceVersion "1"]
[SourceVersionDate "2015.10.08"]
[SourceQuality "1"]

1. d4 d5 2. Bg5 Nf6 3. e3 e6 4. Nf3 Be7 5. Bd3 0-0 6. 0-0 Nc6 7. Nbd2 Nd7 8. Bf4 Nb6 9. c3 Re8 10. Qc2 f5 11. Ne5 Nxe5 12. Bxe5 Bd6 13. Nf3 c5 14. b3 Bxe5 15. Nxe5 cxd4 16. cxd4 Nd7 17. Bb5 a6 18. Bxd7 Bxd7 19. Rac1 Rc8 20. Qd2 Bb5 21. Rxc8 Qxc8 22. Rc1 Qd8 23. a4 Bd7 24. Qc3 Rf8 25. Qc7 Qc8 26. Nxd7 Qxc7 27. Rxc7 Ra8 28. Rxb7 h6 29. Rb8+ Rxb8 30. Nxb8 Kf7 31. Nxa6 Ke7 32. g3 Kd6 33. Kg2 Kc6 34. Kf3 Kd6 35. b4 Kc6 36. Kf4 Kd6 37. Nc5 g5+ 38. Kf3 Kc6 39. Nxe6 Kb6 40. Ng7 Ka6 41. Nxf5 Kb6 42. Nxh6 Kc6 43. b5+ Kb6 44. Kg4 Kb7 45. a5 Ka7 46. Kxg5 Kb7 47. f4 Kc7 48. f5 Kd7 49. a6 Kc7 50. f6 Kb6 51. f7 Ka7 52. f8Q Kb6 53. Qc5+ Ka5 54. a7 1-0